Joan Of Arc - Little Mix - All Lyrics - Statistics

General Stats
  • This quiz has been taken 52 times
  • The average score is 429 of 484
Answer Stats
Answer % Correct
I
97%
Oh,
97%
on
97%
(Uh,
97%
uh)
97%
Uh-huh,
97%
uh-huh
97%
(Uh-huh)
97%
a
94%
can
94%
can)
94%
I'm
94%
me
94%
my
94%
need
94%
(Need
94%
of
94%
want
94%
Arc,
91%
'cause
91%
('Cause
91%
Damn
91%
don't
91%
feel
91%
hand
91%
Hey,
91%
hey
91%
If
91%
in
91%
it
91%
it's
91%
Joan
91%
love
91%
Man,
91%
man
91%
man)
91%
much
91%
much,
91%
myself
91%
myself,
91%
One
91%
one,
91%
one
91%
own
91%
so
91%
the
91%
(What?)
91%
yeah
91%
yeah,
91%
Yeah,
91%
you
91%
you,
91%
Cleopatra
88%
Fan
88%
hands
88%
like
88%
lovin'
88%
make
88%
Make
88%
no
88%
put
88%
rock
88%
sexy
88%
that
88%
Hearts,
85%
Queen
85%
your
85%
club,
82%
for
82%
Hell
82%
matters
82%
only
82%
Tonight,
82%
way
82%
control
79%
everybody
79%
feminist
79%
take
79%
am
76%
cash
76%
cocky
76%
Drop
76%
foot
76%
reason
76%
two,
76%
get
73%
low
73%
more
73%
stannin'
73%
him
70%
Say,
70%
booty,
67%
down
67%
floor
67%
watch
67%
can't
64%
enemies
61%
freak
61%
keep
61%
pop
61%
sore
61%
tip?
61%
off
58%
thighs
58%
this
58%
dress
52%
spare
45%
Ain't
39%
D-E-S-S
24%
G-O-double
24%
No matching quizzes found
Score Distribution
Percent of People with Each Score
Percentile by Number Answered
Your Score History
You have not taken this quiz